Nieuznawane państwa świata - Statystyki

Ogólne statystyki
  • Ten quiz został rozwiązany 73 razy
  • Średni wynik to 4 z 8
Statystyki odpowiedzi
Państwo % Poprawnych
Palestyna
73%
Abchazja
65%
Sahara Zachodnia
55%
Naddniestrze
53%
Tajwan
52%
Osetia Południowa
48%
Somaliland
47%
Cypr Północny
35%
Nie znaleziono quizów pasujących do podanych kryteriów
Rozkład punktacji
Procent ludzi z każdym wynikiem
Percentyl według liczby udzielonych odpowiedzi
Twoja historia wyników
Nie rozwiązałeś tego quizu